El sistema monetario internacional (Registro nro. 5174)

Detalles MARC
000 -LEADER
fixed length control field 01055 a2200193 4500
001 - CONTROL NUMBER
control field 53318
005 - DATE AND TIME OF LATEST TRANSACTION
control field 20260407155807.0
008 - FIXED-LENGTH DATA ELEMENTS--GENERAL INFORMATION
fixed length control field 260407a1968 arg spa d
003 - CONTROL NUMBER IDENTIFIER
control field AR-UNSa-BCEJYS
040 ## - CATALOGING SOURCE
Original cataloging agency AR-UNSa-BCEJYS
Language of cataloging spa
Transcribing agency AR-UNSa-BCEJYS
080 ## - UNIVERSAL DECIMAL CLASSIFICATION NUMBER
Universal Decimal Classification number 336.74
Common auxiliary subdivision Moneda. Sistema monetario
100 1# - MAIN ENTRY--PERSONAL NAME
Personal name Triffin, Robert
245 10 - TITLE STATEMENT
Title El sistema monetario internacional
264 #1 - PRODUCTION, PUBLICATION, DISTRIBUTION, MANUFACTURE, AND COPYRIGHT NOTICE
Place of production, publication, distribution, manufacture Buenos Aires :
Name of producer, publisher, distributor, manufacturer Amorrortu Editores
Date of production, publication, distribution, manufacture, or copyright notice 1968
300 ## - PHYSICAL DESCRIPTION
Extent 220 p.
Dimensions 20 cm.
505 ## - FORMATTED CONTENTS NOTE
Formatted contents note 1. Mitos y realidades del patrón oro:1815-1913 - 2. Medio siglo de anarquía monetaria internacional-1914-1965 - 3. El camino evolutivo desde las instituciones monetarias del pasado a las reformas futuras - 4. Evolución a largo plazo de nuestro sistema monetario internacional - 5. Tres problemas capitales: uso apropiado, monto y composición de las reservas - 6.- El curso de las negociciones sobre la reforma monetaria internacional - 7. Intereses convergentes y soluciones operativas - 8. Resúmen y conclusiones
590 ## - LOCAL NOTE (RLIN)
Local note niveau_biblio:m niveau_hierar:0
942 ## - ADDED ENTRY ELEMENTS (KOHA)
Koha item type
Existencias
Withdrawn status Lost status Damaged status Not for loan Home library Current library Shelving location Date acquired Total checkouts Full call number Barcode Date last seen Price effective from Koha item type
        Biblioteca Prof. Eusebio Cleto del Rey Biblioteca Prof. Eusebio Cleto del Rey   07/04/2026   336.74 T819 L23779 07/04/2026 07/04/2026 Libro